| 000 | 00580nam a2200181Ia 4500 | ||
|---|---|---|---|
| 003 | GCL | ||
| 008 | 140319s9999 xx 000 0 ara d | ||
| 040 |
_aGCL / _cGCL |
||
| 082 | 0 | 4 |
_aد _b050 _bش ز |
| 245 | 1 | 0 | _aالزهور ( اكتوبر 2006 ) |
| 260 |
_a[S.N] : _bشركة النيل للاعلام والنشر المحدودة ، _c2006 |
||
| 650 | 0 | 4 | _aالبيت والمدرسة |
| 650 | 0 | 4 | _aالنخيل |
| 650 | 0 | 4 | _aالاطفال - تربية |
| 650 | 0 | 4 | _aالقران - رواة وحفاظ |
| 650 | 0 | 4 | _aالمدارس - شروط القبول |
| 942 |
_2ddc _cCR |
||
| 999 |
_c9002 _d9002 |
||